| 000 | 00438nam a2200157Ia 4500 | ||
|---|---|---|---|
| 008 | 230917s9999||||xx |||||||||||||| ||und|| | ||
| 040 |
_e34423 _aMAIN |
||
| 041 | _aEnglish | ||
| 082 | _a801.95 A46B:A | ||
| 100 | _aGassner,John | ||
| 245 | 0 | _aAristotle's theory of poetry and fine arts: with a critical text and translation of the poetics | |
| 250 | _a4th ed. | ||
| 260 |
_bDover Publications _c1951 |
||
| 300 | _a421 p. | ||
| 942 | _cBK | ||
| 999 |
_c80632 _d80632 |
||